• 首页
  • 本馆介绍
  • 公告通知
  • 最新文献
  • 馆藏检索
  • 电子资源
  • 读者导购
  • 参考咨询
  • 我的图书馆
  • 登录
  • 详细信息显示
  • 放入我的书架
  • 预约/预借图书
  • 作者相关作品
  • 分类相关作品
  • 丛书相关作品
  • 出版社相关作品

书目信息

  • 表格格式
  • 工作单格式
  • 卡片格式
题名:
科学施肥
    
 
作者: 黄照原 编著
分册:  
出版信息: 北京   金盾出版社  1991
页数: 88
开本: 20cm
丛书名:
单 册:
中图分类: S43
科图分类:
主题词: 植物--病虫害 , 植物--病虫害防治方法
电子资源:
ISBN: 7-80022-302-7
000 00539nam0 2200193 450
001 0754114953
005 20070929150154.95
010    @a7-80022-302-7@dCNY1.00
100    @a20070929d km y0chiy0120 ea
101 0  @achi
200 1  @a科学施肥@Ake xue shi fei@f黄照原 编著@Fhuang zhao yuan bian zhu
210    @a北京@c金盾出版社@d1991
215    @a88@d20cm
606 0  @a植物@x病虫害
606 0  @a植物@x病虫害防治方法
690    @aS43@v3
701  0 @a黄照原@Ahuang zhao yuan@4编著
801  0 @aCN@bPFT@c20070929
905    @a213230@dS43@eh1@f1
    
    科学施肥/黄照原 编著.-北京:金盾出版社,1991
    88;20cm
    
    
    ISBN 7-80022-302-7:CNY1.00
    
●
相关链接 在E读中查询图书 在五车中查询图书 在当当中查询图书 在豆瓣中查询图书


正题名:科学施肥     索取号:S43/h1         预约/预借

序号 登录号 条形码 馆藏地/架位号 状态 备注
1 6000947   260009476   密集书库-化学系/ [索取号:S43/h1] 在馆    
唐山师范学院图书馆 欢迎您!
大连网信软件有限公司© 版权所有